00658nam a2200241 a 4500001001300000003000900013005001700022008004100039020000900080082001700089100001600106245001900122260003200141300000800173500003500181505001200216650002600228700001600254902000800270942000700278952011600285999001500401nice12345678IN_TiNIC20260116013023.0050524s1985 teha grp 000 0 urd  ac2500a891.41bDES1 aDes, Hameed aAaina-I-Khayal aTehranbNo Publisher c1985 a95p aincludes index and biblioraphy2 aIndexes aUrdu-Poetry-religious1 aDes, Hameed bSRS cBK 001040708StackRoom-aHMIbHMId2007-06-19g25.00l0o891.41 DES1p013603r2007-06-19v25.00w2005-05-24yBK c9306d9306